| 000 | 00707nam a2200217 a 4500 | ||
|---|---|---|---|
| 005 | 20140310183440.0 | ||
| 008 | 080509s19uu xx 00 eng d | ||
| 020 | _a9781412929110 | ||
| 050 |
_aRJ 506.A9 _b.H36 2007 |
||
| 100 | _aHanbury, Martin | ||
| 245 |
_aPositive behaviour strategies to support children and young people with autism / _cMartin Hanbury |
||
| 260 |
_aLos Angeles : _bPaul Chapman Publishing, _c2007. |
||
| 300 |
_a107 p. : _bill. ; _c28 cm. |
||
| 521 | _aEDU | ||
| 650 |
_aAutistic children _xBehavior modification. |
||
| 650 |
_aAutistic children _xEducation. |
||
| 650 |
_aAutistic youth _xBehavior modification. |
||
| 942 |
_cBK _2lcc _kFOR |
||
| 999 |
_c23072 _d23072 |
||